[Event "Bad Woerishofen op"]
[Site "?"]
[Date "2007.03.14"]
[Round "7"]
[White "Savchenko, Stanislav"]
[Black "Dittmar, Peter"]
[Result "1-0"]
[WhiteElo "2525"]
[BlackElo "2357"]
[PlyCount "69"]
[EventDate "2007.??.??"]

1. d4 d5 2. c4 dxc4 3. Nf3 Nf6 4. e3 Bg4 5. Bxc4 e6 6. Nc3 Nbd7 7. O-O Bd6 8.
Be2 O-O 9. e4 e5 10. d5 Qe7 11. Nh4 Bxe2 12. Qxe2 Rfc8 13. Nf5 Qf8 14. Bg5 h6
15. Be3 Bc5 16. Rad1 Bxe3 17. Nxe3 Ne8 18. Rc1 Nd6 19. Rc2 c6 20. dxc6 Rxc6 21.
Rd2 Nc5 22. Nf5 Re8 23. Rfd1 Nxf5 24. exf5 a5 25. Nb5 Qe7 26. h3 e4 27. Rd4 Nd3
28. Nc3 Nc5 29. Qe3 Qf6 30. Nxe4 Nxe4 31. Rxe4 Rxe4 32. Qxe4 Qxb2 33. Rd8+ Kh7
34. f6+ g6 35. Rh8+ 1-0

[Event "Bad Woerishofen op"]
[Site "?"]
[Date "2007.03.14"]
[Round "7"]
[White "Levin, Felix"]
[Black "Lupor, Stefan"]
[Result "1-0"]
[WhiteElo "2510"]
[BlackElo "2284"]
[PlyCount "61"]
[EventDate "2007.??.??"]

1. d4 Nf6 2. c4 g6 3. Nc3 Bg7 4. e4 d6 5. h3 O-O 6. Bg5 Na6 7. Bd3 e5 8. d5 Nc5
9. Bc2 a5 10. g4 c6 11. Qf3 h6 12. Be3 cxd5 13. cxd5 Ne8 14. Nge2 a4 15. h4 Qa5
16. a3 b5 17. Bd2 b4 18. Na2 Nb3 19. Bxb3 axb3 20. Nxb4 f5 21. g5 fxe4 22. Qxb3
h5 23. Ng3 Bg4 24. Rc1 Rf3 25. Be3 Nc7 26. Qc4 Nb5 27. Qxe4 Kh7 28. O-O Nd4 29.
Nc6 Qa4 30. Bxd4 exd4 31. Ne7 1-0

[Event "Bad Woerishofen op"]
[Site "?"]
[Date "2007.03.14"]
[Round "7"]
[White "Lupor, Andre"]
[Black "van der Weide, Karel"]
[Result "0-1"]
[WhiteElo "2288"]
[BlackElo "2476"]
[PlyCount "80"]
[EventDate "2007.??.??"]

1. Nf3 Nf6 2. c4 g6 3. Nc3 Bg7 4. e4 d6 5. d4 O-O 6. Be2 Na6 7. O-O e5 8. Be3
Ng4 9. Bg5 Qe8 10. h3 f6 11. Bc1 Nh6 12. Re1 Nf7 13. Bf1 c6 14. Rb1 Qe7 15. b3
Ng5 16. Nxg5 fxg5 17. d5 c5 18. a3 Bd7 19. b4 b6 20. Re3 Rf7 21. Rg3 Rf4 22.
Bxf4 exf4 23. Rd3 Be5 24. Be2 h5 25. b5 Nc7 26. Rb3 Ne8 27. Nb1 Nf6 28. f3 Kg7
29. Kf1 Rh8 30. Ke1 g4 31. hxg4 hxg4 32. Bf1 Rh2 33. Nd2 Nh5 34. Qc1 Qh4+ 35.
Kd1 Qf2 36. Kc2 Ng3 37. Rb1 Rh1 38. Kb3 Nxf1 39. Nxf1 Qxg2 40. fxg4 Bxg4 0-1

[Event "Bad Woerishofen op"]
[Site "?"]
[Date "2007.03.14"]
[Round "7"]
[White "Meier, Volker"]
[Black "Skembris, Spyridon"]
[Result "1/2-1/2"]
[WhiteElo "2237"]
[BlackElo "2459"]
[PlyCount "125"]
[EventDate "2007.??.??"]

1. e4 e5 2. Nf3 Nc6 3. Nc3 Nf6 4. Bb5 Bd6 5. O-O O-O 6. d3 h6 7. Ne2 a6 8. Ba4
b5 9. Bb3 Re8 10. c3 Bf8 11. Ng3 d5 12. Re1 Be6 13. h3 Qd7 14. a4 Rad8 15. axb5
axb5 16. Be3 Qc8 17. Qc2 Qb7 18. exd5 Bxd5 19. Bxd5 Nxd5 20. Bd2 b4 21. d4 exd4
22. cxd4 Qb6 23. Rxe8 Rxe8 24. Qc4 Nce7 25. Ne5 Rd8 26. Rc1 Qe6 27. Ne4 Ng6 28.
Nc6 Re8 29. Ng3 Qd6 30. Nf5 Qd7 31. Ne3 Ngf4 32. Nxd5 Nxd5 33. Nxb4 Bxb4 34.
Bxb4 Rb8 35. Bc3 Rb6 36. Qe2 Rg6 37. Qf3 Rf6 38. Qg4 Qb5 39. Re1 Qd3 40. Re8+
Kh7 41. Qe4+ Qxe4 42. Rxe4 Rc6 43. Re2 Rc4 44. Rc2 Kg6 45. g3 h5 46. Kf1 h4 47.
Ke2 Rc6 48. Kd3 hxg3 49. fxg3 Rf6 50. Ke4 c6 51. Bd2 Re6+ 52. Kf3 Rf6+ 53. Bf4
Kh5 54. h4 Nxf4 55. gxf4 Rd6 56. Rd2 f5 57. Rg2 Rxd4 58. Rg5+ Kxh4 59. Rxf5
Rd3+ 60. Ke4 Rb3 61. Rg5 Rb4+ 62. Kf3 Rb3+ 63. Ke4 1/2-1/2

[Event "Bad Woerishofen op"]
[Site "?"]
[Date "2007.03.14"]
[Round "7"]
[White "Pirrot, Dieter"]
[Black "Erenska-Barlo, Hanna"]
[Result "1-0"]
[WhiteElo "2420"]
[BlackElo "2275"]
[PlyCount "55"]
[EventDate "2007.??.??"]

1. e4 c5 2. c3 d5 3. exd5 Qxd5 4. d4 Nf6 5. Nf3 e6 6. Be3 cxd4 7. cxd4 Be7 8.
Nc3 Qd8 9. Bd3 Nbd7 10. O-O O-O 11. Qe2 Re8 12. Rad1 Nb6 13. Ne5 Nbd5 14. Nxd5
exd5 15. f4 a6 16. g4 Bd6 17. g5 Ng4 18. Rde1 Nxe3 19. Bxh7+ Kf8 20. Qxe3 Bd7
21. f5 Bb5 22. Rf2 Bxe5 23. dxe5 d4 24. Qf4 Qd5 25. h4 Bc6 26. Kh2 Rad8 27. f6
g6 28. h5 1-0

[Event "Bad Woerishofen op"]
[Site "?"]
[Date "2007.03.14"]
[Round "7"]
[White "Fischer, Thomas"]
[Black "Langheinrich, Ferenc"]
[Result "0-1"]
[WhiteElo "2179"]
[BlackElo "2396"]
[PlyCount "28"]
[EventDate "2007.??.??"]

1. g3 Nf6 2. Bg2 g6 3. e4 d6 4. d4 Bg7 5. Ne2 O-O 6. O-O e5 7. dxe5 dxe5 8.
Qxd8 Rxd8 9. f3 Nc6 10. c3 b6 11. Be3 Rd3 12. Kf2 Ba6 13. Nc1 Rxe3 14. Kxe3
Bh6+ 0-1

[Event "Bad Woerishofen op"]
[Site "?"]
[Date "2007.03.14"]
[Round "7"]
[White "Bjarnason, Oskar"]
[Black "Sorm, Daniel"]
[Result "1-0"]
[WhiteElo "2225"]
[BlackElo "2400"]
[PlyCount "75"]
[EventDate "2007.??.??"]

1. e4 e5 2. Nf3 Nc6 3. d4 exd4 4. Bc4 Nf6 5. O-O d6 6. Nxd4 Be7 7. Nxc6 bxc6 8.
Nc3 O-O 9. b3 Be6 10. Bxe6 fxe6 11. e5 Nd5 12. Ne4 Rf5 13. Bb2 Qe8 14. exd6
cxd6 15. c4 Nf4 16. Nxd6 Qg6 17. g3 Rh5 18. c5 Rxc5 19. Nc4 Rh5 20. Ne5 Nh3+
21. Kg2 Qh6 22. Qd7 Bf8 23. Qf7+ Kh8 24. Qb7 Ng5 25. h4 Rxh4 26. Rh1 Rd8 27.
gxh4 Qh5 28. hxg5 Qxg5+ 29. Kf1 Qd2 30. Qf7 h6 31. Ng6+ Kh7 32. Nxf8+ Rxf8 33.
Qxf8 Qxb2 34. Kg2 Qd4 35. Qf3 Qe5 36. Rae1 Qg5+ 37. Qg3 Qd5+ 38. Qf3 1-0

[Event "Bad Woerishofen op"]
[Site "?"]
[Date "2007.03.14"]
[Round "7"]
[White "Heika, Martin"]
[Black "Schlosser, Andree"]
[Result "1-0"]
[WhiteElo "2394"]
[BlackElo "2200"]
[PlyCount "47"]
[EventDate "2007.??.??"]

1. e4 d6 2. d4 Nf6 3. Nc3 c6 4. Nf3 Bg4 5. Be3 e6 6. Be2 Be7 7. Nd2 Bxe2 8.
Qxe2 d5 9. e5 Nfd7 10. f4 c5 11. Qg4 g6 12. Nf3 Nc6 13. O-O-O Qa5 14. dxc5 Nxc5
15. Nd4 Rc8 16. Kb1 Nxd4 17. Rxd4 Rc6 18. Qe2 Na6 19. Ra4 Qd8 20. Bxa7 Bb4 21.
Qb5 O-O 22. Qxb7 Rxc3 23. bxc3 Nc5 24. Qxb4 1-0

[Event "Bad Woerishofen op"]
[Site "?"]
[Date "2007.03.14"]
[Round "7"]
[White "Waldschmidt, Georg"]
[Black "Pitl, Gregory"]
[Result "0-1"]
[WhiteElo "2210"]
[BlackElo "2357"]
[PlyCount "64"]
[EventDate "2007.??.??"]

1. e4 g6 2. d4 Bg7 3. Nc3 d6 4. f4 a6 5. Nf3 b5 6. Be3 Bb7 7. Bd3 Nf6 8. e5 Nd5
9. Nxd5 Bxd5 10. a4 b4 11. O-O O-O 12. a5 Nd7 13. Qe2 Qc8 14. Kh1 c5 15. dxc5
Nxc5 16. Bxc5 Qxc5 17. Bxa6 Bxf3 18. Rxf3 dxe5 19. fxe5 Bxe5 20. Rb3 Rfd8 21.
Qc4 Rd5 22. Rxb4 Qd6 23. Rb6 Rd1+ 24. Rxd1 Qxd1+ 25. Qf1 Qh5 26. g3 Bxg3 27.
Qg2 Rd8 28. Be2 Qxa5 29. Ra6 Qe1+ 30. Qf1 Rd1 31. Kg2 Qxf1+ 32. Bxf1 Be5 0-1

[Event "Bad Woerishofen op"]
[Site "?"]
[Date "2007.03.14"]
[Round "7"]
[White "Loew, Gerald"]
[Black "Trescher, Manfred"]
[Result "1-0"]
[WhiteElo "2285"]
[BlackElo "2190"]
[PlyCount "71"]
[EventDate "2007.??.??"]

1. c4 Nf6 2. g3 e6 3. Bg2 d5 4. Nf3 Nbd7 5. O-O Be7 6. b3 O-O 7. Bb2 Ne4 8. Qc2
Bf6 9. d4 c5 10. cxd5 exd5 11. Nc3 Nxc3 12. Bxc3 b6 13. Rfd1 Bb7 14. Rac1 Qe7
15. e3 Rac8 16. Qb2 Rfe8 17. Qa3 a6 18. h4 h6 19. Bh3 Rc7 20. Bg2 Rec8 21. dxc5
Bxc3 22. Rxc3 bxc5 23. Rdc1 Qf6 24. Nd4 Qb6 25. Ne2 g5 26. hxg5 hxg5 27. Qb2
Qf6 28. Qd2 Ne5 29. f4 gxf4 30. exf4 Ng4 31. Bf3 d4 32. Nxd4 Rd8 33. Bxg4 Rxd4
34. Qf2 Qc6 35. Bf3 Qxf3 36. Rxf3 1-0

[Event "Bad Woerishofen op"]
[Site "?"]
[Date "2007.03.14"]
[Round "7"]
[White "Gypser, Andreas"]
[Black "Jaenig, Reinhard"]
[Result "1-0"]
[WhiteElo "2246"]
[BlackElo "2176"]
[PlyCount "65"]
[EventDate "2007.??.??"]

1. e4 c5 2. Nf3 e6 3. d4 cxd4 4. Nxd4 Bc5 5. Nb3 Be7 6. Bd3 d6 7. O-O Nf6 8. c4
O-O 9. Nc3 a6 10. f4 Nbd7 11. Qe2 Qc7 12. Bd2 b6 13. Rae1 g6 14. e5 dxe5 15.
fxe5 Nh5 16. Bh6 Ng7 17. Rf3 Bh4 18. g3 Be7 19. Nd2 Bb7 20. Be4 Bxe4 21. Qxe4
Rac8 22. g4 Qc6 23. Qf4 f6 24. exf6 Rxf6 25. Qe4 Rxf3 26. Qxc6 Rxc6 27. Nxf3
Rxc4 28. h3 Nc5 29. Ne5 Rd4 30. Nc6 Bh4 31. Rf1 Rd6 32. Ne5 Rd8 33. Rf7 1-0

[Event "Bad Woerishofen op"]
[Site "?"]
[Date "2007.03.14"]
[Round "7"]
[White "Ries, Berthold"]
[Black "Otterst„tter, Stefan"]
[Result "0-1"]
[WhiteElo "2048"]
[BlackElo "2227"]
[PlyCount "64"]
[EventDate "2007.??.??"]

1. e4 c5 2. Nc3 Nc6 3. f4 g6 4. Nf3 Bg7 5. Bc4 e6 6. d3 Nge7 7. O-O Na5 8. Bb3
Nxb3 9. axb3 d5 10. e5 Bd7 11. d4 b6 12. Be3 Qc7 13. Qe2 Qc6 14. Ra6 Bc8 15.
Ra4 a5 16. Nb5 Nf5 17. dxc5 bxc5 18. Rfa1 O-O 19. Bd2 Ba6 20. c4 Rfb8 21. Rxa5
Rb6 22. g4 Ne7 23. b4 dxc4 24. bxc5 Rxb5 25. Rxb5 Bxb5 26. Rxa8+ Qxa8 27. Bc3
Qd5 28. Qe3 Bc6 29. Kf2 Qd1 30. h3 Nd5 31. Qd2 Nxc3 32. Qxc3 Bf8 0-1

[Event "Bad Woerishofen op"]
[Site "?"]
[Date "2007.03.14"]
[Round "7"]
[White "Salvermoser, Bernd"]
[Black "Bohnstorff, Michael"]
[Result "0-1"]
[WhiteElo "2301"]
[BlackElo "2166"]
[PlyCount "62"]
[EventDate "2007.??.??"]

1. d4 e6 2. c4 b6 3. e4 Bb7 4. Bd3 Nc6 5. Ne2 Nb4 6. a3 Nxd3+ 7. Qxd3 d5 8.
exd5 exd5 9. c5 Qd7 10. b4 a5 11. cxb6 axb4 12. bxc7 Qxc7 13. O-O Bd6 14. Bb2
Ne7 15. Rc1 Qd7 16. axb4 Rxa1 17. Bxa1 Bxb4 18. Bc3 Bd6 19. Nd2 O-O 20. Nb3 Qg4
21. Nc5 Bc8 22. h3 Qh4 23. Be1 Bf5 24. Qe3 Ng6 25. g4 Bxg4 26. hxg4 Qh2+ 27.
Kf1 Qh1+ 28. Ng1 Bf4 29. Qc3 Bh2 30. Qf3 Qxg1+ 31. Ke2 Re8+ 0-1

[Event "Bad Woerishofen op"]
[Site "?"]
[Date "2007.03.14"]
[Round "7"]
[White "Rolle, Eric"]
[Black "Schmitzer, Peter"]
[Result "1-0"]
[WhiteElo "2202"]
[BlackElo "2113"]
[PlyCount "59"]
[EventDate "2007.??.??"]

1. e4 c5 2. Nf3 e6 3. d4 cxd4 4. Nxd4 Nf6 5. Bd3 a6 6. f4 d6 7. Qf3 Be7 8. Nc3
Qc7 9. Bd2 Nbd7 10. O-O-O b5 11. Kb1 Bb7 12. a3 O-O 13. g4 Nc5 14. g5 Nfd7 15.
h4 Na4 16. Nxa4 bxa4 17. h5 Nc5 18. f5 d5 19. e5 Nxd3 20. Qxd3 exf5 21. Nxf5
Bc5 22. Bf4 a5 23. Qg3 Qb6 24. Nd6 Bc6 25. g6 fxg6 26. hxg6 h6 27. Qg4 Rab8 28.
Qe6+ Kh8 29. Rxh6+ gxh6 30. g7+ 1-0

[Event "Bad Woerishofen op"]
[Site "?"]
[Date "2007.03.14"]
[Round "7"]
[White "Pluemer, Detlef"]
[Black "Loder, Wilhelm"]
[Result "1-0"]
[WhiteElo "2201"]
[BlackElo "2100"]
[PlyCount "63"]
[EventDate "2007.??.??"]

1. d4 Nf6 2. c4 g6 3. Nc3 Bg7 4. e4 d6 5. Be2 O-O 6. f4 c5 7. Nf3 cxd4 8. Nxd4
Nc6 9. Be3 Ng4 10. Bxg4 Bxg4 11. Nxc6 Qd7 12. Nxe7+ Kh8 13. Nxg6+ fxg6 14. Qd3
Be6 15. O-O Rac8 16. b3 Kg8 17. Bd4 Bh6 18. Qg3 Bg7 19. Bxg7 Qxg7 20. Rad1 Rc6
21. Nb5 Ra6 22. Rd2 Rd8 23. Rfd1 Rd7 24. a4 Qe7 25. f5 Bf7 26. e5 d5 27. cxd5
Qc5+ 28. Qf2 Qxf2+ 29. Kxf2 Rd8 30. f6 Be8 31. Nc7 Rb6 32. e6 1-0

[Event "Bad Woerishofen op"]
[Site "?"]
[Date "2007.03.14"]
[Round "7"]
[White "Sargin, Anatol"]
[Black "Wiesbeck, Florian"]
[Result "1-0"]
[WhiteElo "2186"]
[BlackElo "1964"]
[PlyCount "55"]
[EventDate "2007.??.??"]

1. e4 c5 2. Nf3 e6 3. c3 Nf6 4. e5 Nd5 5. d4 cxd4 6. cxd4 b6 7. Nc3 Nxc3 8.
bxc3 Bb7 9. Bd3 Qc7 10. Bd2 d6 11. O-O Nd7 12. Bb5 Bc6 13. Qe2 Be7 14. Rfe1 O-O
15. Bd3 Rfe8 16. Ng5 g6 17. Nxh7 dxe5 18. Ng5 Bf6 19. Qg4 Nf8 20. Qg3 Nd7 21.
Re3 Qd8 22. Nxf7 Kxf7 23. Bxg6+ Ke7 24. Bxe8 Kxe8 25. dxe5 Be7 26. Qg6+ Kf8 27.
Rf3+ Bxf3 28. Bh6# 1-0

[Event "Bad Woerishofen op"]
[Site "?"]
[Date "2007.03.14"]
[Round "7"]
[White "Oud, Niek"]
[Black "Unger, Michael"]
[Result "1-0"]
[WhiteElo "2027"]
[BlackElo "2232"]
[PlyCount "73"]
[EventDate "2007.??.??"]

1. d4 d5 2. c4 Nc6 3. Nc3 dxc4 4. Nf3 Nf6 5. e3 Bg4 6. Bxc4 e6 7. a3 a6 8. b4
b5 9. Be2 Qd7 10. Bb2 Rb8 11. Rc1 Bd6 12. Qc2 Rb6 13. O-O O-O 14. Rfd1 Qe7 15.
g3 Bh5 16. e4 Bxf3 17. Bxf3 e5 18. Ne2 Rc8 19. Bg2 Nh5 20. f4 exf4 21. e5 Nxe5
22. dxe5 Bxe5 23. Bxe5 Qxe5 24. Qc5 Qxc5+ 25. Rxc5 g6 26. Nxf4 Nxf4 27. gxf4
Re8 28. Rxc7 Re3 29. Bc6 Rc3 30. Rd6 Rxa3 31. Rd8+ Kg7 32. Rdd7 Kg8 33. Bd5 Rf6
34. Bxf7+ Kf8 35. Bd5 Ra1+ 36. Kg2 Ke8 37. Rxh7 1-0

[Event "Bad Woerishofen op"]
[Site "?"]
[Date "2007.03.14"]
[Round "7"]
[White "Eichler, Gottfried"]
[Black "Hoffmann, Achim Dr"]
[Result "1/2-1/2"]
[WhiteElo "2050"]
[BlackElo "2192"]
[PlyCount "39"]
[EventDate "2007.??.??"]

1. d4 Nf6 2. Nf3 e6 3. c4 c5 4. d5 exd5 5. cxd5 d6 6. Nc3 g6 7. e4 Bg7 8. h3
O-O 9. Bd3 Re8 10. O-O b6 11. Re1 Ba6 12. Bf4 c4 13. Bf1 b5 14. a3 Nh5 15. Bg5
Qa5 16. Nd4 Nd7 17. Nc6 Qc7 18. a4 bxa4 19. Qxa4 Nc5 20. Qc2 1/2-1/2

[Event "Bad Woerishofen op"]
[Site "?"]
[Date "2007.03.14"]
[Round "7"]
[White "Will, Matthias"]
[Black "Ballon, Guenther Jan"]
[Result "1-0"]
[WhiteElo "2023"]
[BlackElo "2153"]
[PlyCount "75"]
[EventDate "2007.??.??"]

1. d4 d5 2. Nf3 c6 3. c3 Nf6 4. Bf4 g6 5. Nbd2 Bg7 6. h3 O-O 7. e3 b6 8. Ne5
Nfd7 9. Ndf3 Bb7 10. Bd3 c5 11. Ng5 Nxe5 12. dxe5 e6 13. h4 h6 14. Nh7 Kxh7 15.
h5 Qe8 16. hxg6+ fxg6 17. Bxh6 Rf5 18. Bxg7+ Kxg7 19. Bxf5 exf5 20. f4 Nd7 21.
Qf3 Rb8 22. Qg3 Qe6 23. Qh4 Rg8 24. O-O-O Kf7 25. Qg5 Rg7 26. Rh8 Qe7 27. Qh6
Nf8 28. Rh1 d4 29. exd4 cxd4 30. Qh3 Ne6 31. Qd3 dxc3 32. Rd1 cxb2+ 33. Kxb2
Qb4+ 34. Ka1 Nc5 35. Rf8+ Kxf8 36. Qd6+ Kg8 37. Qd8+ Kf7 38. Qf6+ 1-0

[Event "Bad Woerishofen op"]
[Site "?"]
[Date "2007.03.14"]
[Round "7"]
[White "Graf, Christian"]
[Black "Shahin, Walid"]
[Result "0-1"]
[WhiteElo "2145"]
[BlackElo "2068"]
[PlyCount "52"]
[EventDate "2007.??.??"]

1. e4 e6 2. d4 d5 3. Nd2 Nf6 4. Bd3 c5 5. e5 Nfd7 6. c3 Nc6 7. Ne2 Qb6 8. Nf3
cxd4 9. cxd4 f6 10. exf6 Nxf6 11. O-O Bd6 12. Bf4 Bxf4 13. Nxf4 O-O 14. Qd2 Kh8
15. Ne2 Bd7 16. Rac1 Rae8 17. Bb1 e5 18. dxe5 Nxe5 19. Nxe5 Rxe5 20. Ng3 Rfe8
21. b3 Bb5 22. Rfe1 Qd4 23. Qa5 b6 24. Qxb5 Rxe1+ 25. Rxe1 Rxe1+ 26. Nf1 Rxb1
0-1

[Event "Bad Woerishofen op"]
[Site "?"]
[Date "2007.03.14"]
[Round "7"]
[White "Eisenbeis, Norman"]
[Black "Kluegel, Jan"]
[Result "1-0"]
[WhiteElo "2129"]
[BlackElo "1973"]
[PlyCount "61"]
[EventDate "2007.??.??"]

1. d4 Nf6 2. Nf3 e6 3. e3 b6 4. Bd3 d5 5. O-O Ba6 6. c3 Bxd3 7. Qxd3 Bd6 8.
Nbd2 Nbd7 9. e4 dxe4 10. Nxe4 Nxe4 11. Qxe4 Nf6 12. Qc6+ Kf8 13. Bg5 Qe8 14.
Qb7 Qc8 15. Qc6 Qe8 16. Qc4 Ne4 17. Rae1 Nxg5 18. Nxg5 c6 19. f4 b5 20. Qb3 g6
21. f5 Qd8 22. fxe6 Qxg5 23. e7+ Kg7 24. Qxf7+ Kh6 25. Rf3 Qd2 26. Rh3+ Kg5 27.
Rf1 h5 28. Qf6+ Kh6 29. Qxd6 Rae8 30. g4 Qg5 31. Rxh5+ 1-0

[Event "Bad Woerishofen op"]
[Site "?"]
[Date "2007.03.14"]
[Round "7"]
[White "Schellmann, Frank"]
[Black "Willin, Bernhard"]
[Result "1-0"]
[WhiteElo "2107"]
[BlackElo "1981"]
[PlyCount "27"]
[EventDate "2007.??.??"]

1. e4 c5 2. Nf3 d6 3. c3 Qc7 4. d4 Nd7 5. Bf4 e5 6. Bg3 Ne7 7. Bb5 Ng6 8. h4 h5
9. dxc5 dxc5 10. Qd5 Bd6 11. Na3 Ne7 12. Qd2 Nc6 13. Nc4 Be7 14. Ncxe5 1-0

[Event "Bad Woerishofen sen"]
[Site "?"]
[Date "2007.03.14"]
[Round "7"]
[White "Goy, Udo"]
[Black "Zunker, Dr. Reinhard"]
[Result "0-1"]
[WhiteElo "2217"]
[BlackElo "2242"]
[PlyCount "62"]
[EventDate "2007.??.??"]

1. d4 Nf6 2. c4 d6 3. Nf3 g6 4. Nc3 Bg7 5. e4 O-O 6. Be2 e5 7. O-O Nc6 8. d5
Ne7 9. Kh1 h6 10. Ng1 g5 11. Be3 Ng6 12. g3 b6 13. b4 a5 14. a3 axb4 15. axb4
Rxa1 16. Qxa1 Ng4 17. Bxg4 Bxg4 18. f3 Bd7 19. c5 bxc5 20. bxc5 f5 21. c6 Bc8
22. Kg2 f4 23. Bd2 h5 24. Nb5 g4 25. Qa7 gxf3+ 26. Nxf3 Bg4 27. Qxc7 Bxf3+ 28.
Rxf3 Qg5 29. Rf2 Qg4 30. Nc3 Nh4+ 31. Kg1 fxg3 0-1

[Event "Bad Woerishofen sen"]
[Site "?"]
[Date "2007.03.14"]
[Round "7"]
[White "Ljubarskij, Jurij"]
[Black "Hoennekes, Klaus"]
[Result "1-0"]
[WhiteElo "2292"]
[BlackElo "2119"]
[PlyCount "48"]
[EventDate "2007.??.??"]

1. e4 d6 2. d4 e5 3. Nf3 Nc6 4. Be2 Nf6 5. d5 Ne7 6. Nc3 c6 7. Bg5 Ng6 8. h3
Be7 9. Qd2 h6 10. Be3 cxd5 11. exd5 Bd7 12. Bd3 Nf4 13. Bxf4 exf4 14. Qxf4 O-O
15. O-O Rc8 16. Rfe1 Re8 17. Nd4 Rxc3 18. bxc3 Nxd5 19. Qe4 Nf6 20. Qxb7 Qa5
21. Qb4 Qh5 22. Ne2 g5 23. Ng3 Qh4 24. Qxh4 gxh4 1-0

[Event "Bad Woerishofen sen"]
[Site "?"]
[Date "2007.03.14"]
[Round "7"]
[White "Schirmer, Werner"]
[Black "Bierwisch, Bernhard"]
[Result "0-1"]
[WhiteElo "2060"]
[BlackElo "2242"]
[PlyCount "70"]
[EventDate "2007.??.??"]

1. e4 c5 2. Nf3 Nc6 3. d4 cxd4 4. Nxd4 Nf6 5. Nc3 d6 6. Be2 e5 7. Nb3 Be6 8.
O-O d5 9. exd5 Nxd5 10. Nxd5 Qxd5 11. Be3 O-O-O 12. Qe1 Be7 13. Rd1 Qe4 14. Bf3
Qa4 15. Rxd8+ Rxd8 16. Bc5 Bf6 17. Bxc6 bxc6 18. Qe3 Rd7 19. Ba3 Bxb3 20. axb3
Qd4 21. Bc5 Qxe3 22. Bxe3 e4 23. c3 Bd8 24. f3 exf3 25. Rxf3 g6 26. Kf2 f5 27.
Ke2 Bb6 28. Bxb6 axb6 29. Ke3 Re7+ 30. Kf2 Kc7 31. h3 Re5 32. Rd3 Re6 33. Rd4
Rd6 34. Rh4 Rd2+ 35. Kf3 b5 0-1

[Event "Bad Woerishofen sen"]
[Site "?"]
[Date "2007.03.14"]
[Round "7"]
[White "Krebs, Dietmar"]
[Black "Schmid, Hermann"]
[Result "1/2-1/2"]
[WhiteElo "2072"]
[BlackElo "2170"]
[PlyCount "84"]
[EventDate "2007.??.??"]

1. e4 c6 2. d4 d5 3. exd5 cxd5 4. Bd3 Nc6 5. c3 Qc7 6. Bg5 Nf6 7. Nf3 Bg4 8.
Nbd2 e6 9. O-O Be7 10. Re1 O-O 11. Qa4 a6 12. a3 Bxf3 13. Nxf3 b5 14. Qc2 h6
15. Bh4 Rfc8 16. Qe2 Nd7 17. Bxe7 Nxe7 18. a4 bxa4 19. Rxa4 a5 20. Rea1 Ra7 21.
g3 Rca8 22. R4a2 Nc8 23. Re1 Nd6 24. Ne5 Nf6 25. f3 Nd7 26. Nxd7 Qxd7 27. Rea1
Qc6 28. Qc2 Kf8 29. Qa4 Qc7 30. Qc2 Rb8 31. b4 Rc8 32. Rxa5 Rxa5 33. bxa5 Qxc3
34. Qxc3 Rxc3 35. a6 Nc8 36. Be2 Rc7 37. Rb1 Ke8 38. Rb7 Kd8 39. f4 g5 40. Kf2
Na7 41. Rb8+ Kd7 42. Rb6 Rc6 1/2-1/2

[Event "Bad Woerishofen sen"]
[Site "?"]
[Date "2007.03.14"]
[Round "7"]
[White "Straub, Peter"]
[Black "Ziltener, Werner"]
[Result "1-0"]
[WhiteElo "2096"]
[BlackElo "2075"]
[PlyCount "119"]
[EventDate "2007.??.??"]

1. e4 e5 2. Nf3 Nc6 3. Bb5 Nf6 4. d3 Ne7 5. Bc4 Ng6 6. Ng5 d5 7. exd5 h6 8. Ne4
Nxd5 9. O-O Be6 10. c3 c6 11. Nbd2 Be7 12. Nf3 O-O 13. Bd2 Qd7 14. Re1 Kh8 15.
Ng3 f6 16. Qc2 Ngf4 17. d4 Bg4 18. Nh4 f5 19. Bxd5 Bxh4 20. Bc4 b5 21. Bf1 Nd5
22. Rxe5 f4 23. Ne4 f3 24. g3 Bf6 25. Nxf6 Rxf6 26. Rae1 Bh3 27. Qe4 Bxf1 28.
Re8+ Rf8 29. Rxa8 Rxa8 30. Rxf1 Rf8 31. Qh4 Qf5 32. Re1 Qd3 33. Bc1 Qf5 34. h3
Nf6 35. Qf4 Qxh3 36. Qxf3 Nd7 37. Qg2 Qf5 38. Bf4 c5 39. Qe4 Qh3 40. Qe6 Qxe6
41. Rxe6 cxd4 42. cxd4 Rf7 43. d5 Nf6 44. d6 Rd7 45. Bxh6 Kg8 46. Be3 a6 47.
Bc5 Kf7 48. Re7+ Kg6 49. f3 a5 50. Kf2 a4 51. a3 Rxe7 52. dxe7 Kf5 53. Ke3 Ne8
54. Kd4 Ke6 55. Kc3 Kd5 56. Kb4 Kc6 57. Bd4 g6 58. Be5 Kb6 59. f4 Kc6 60. g4
1-0

[Event "Bad Woerishofen sen"]
[Site "?"]
[Date "2007.03.14"]
[Round "7"]
[White "Packroff, Hermann"]
[Black "Igney, Volkhard"]
[Result "1/2-1/2"]
[WhiteElo "2208"]
[BlackElo "2255"]
[PlyCount "29"]
[EventDate "2007.??.??"]

1. d4 d5 2. Nc3 c6 3. e4 dxe4 4. Nxe4 Nd7 5. Nf3 Ngf6 6. Nxf6+ Nxf6 7. Ne5 Be6
8. Be2 g6 9. O-O Bg7 10. c4 Nd7 11. Nf3 f6 12. Be3 O-O 13. Qd2 Bf7 14. Rfd1 Nb6
15. Rac1 1/2-1/2

[Event "Bad Woerishofen sen"]
[Site "?"]
[Date "2007.03.14"]
[Round "7"]
[White "Minz, Michail"]
[Black "Fischer, Ernst"]
[Result "1/2-1/2"]
[WhiteElo "2159"]
[BlackElo "2109"]
[PlyCount "70"]
[EventDate "2007.??.??"]

1. e4 e6 2. d4 d5 3. Nc3 Bb4 4. exd5 exd5 5. Qf3 Nc6 6. Bb5 a6 7. Bxc6+ bxc6 8.
Nge2 Qf6 9. Qg3 Bd6 10. Bf4 Ne7 11. Be5 Bxe5 12. dxe5 Qh6 13. O-O O-O 14. Rad1
Rb8 15. b3 Be6 16. Na4 Rb5 17. Nd4 Nf5 18. Qd3 Nxd4 19. Qxd4 Qg6 20. Rd2 a5 21.
c3 Bf5 22. f3 h5 23. g4 hxg4 24. Rg2 Qe6 25. fxg4 Be4 26. Rg3 Re8 27. c4 Rb4
28. a3 Rbb8 29. Nc5 Qe7 30. Re1 Rbd8 31. Nxe4 Qxe5 32. Nf6+ Qxf6 33. Rxe8+ Rxe8
34. Qxf6 gxf6 35. cxd5 cxd5 1/2-1/2

[Event "Bad Woerishofen sen"]
[Site "?"]
[Date "2007.03.14"]
[Round "7"]
[White "Hoffmann, Hans"]
[Black "Budt, Karl-Heinz"]
[Result "1-0"]
[WhiteElo "2169"]
[BlackElo "2162"]
[PlyCount "89"]
[EventDate "2007.??.??"]

1. c4 Nf6 2. Nf3 e6 3. Nc3 c5 4. g3 Nc6 5. Bg2 d5 6. cxd5 exd5 7. d4 Be7 8. O-O
O-O 9. b3 Ne4 10. Bb2 Bf6 11. Nxe4 dxe4 12. Nd2 e3 13. fxe3 cxd4 14. Rc1 Bg5
15. exd4 Nxd4 16. Kh1 Nf5 17. Rxc8 Qxc8 18. Ne4 Rd8 19. Qb1 Be3 20. Rxf5 Qxf5
21. Nf6+ Qxf6 22. Bxf6 gxf6 23. Bxb7 Rab8 24. Bf3 Rbc8 25. Qf5 Rd1+ 26. Kg2 Rc5
27. Qxf6 Rg1+ 28. Kh3 Rg5 29. Qe7 Rg6 30. Qxe3 Rd1 31. Qxa7 Rdd6 32. a4 Rdf6
33. a5 h5 34. Qb8+ Kg7 35. Qe5 h4 36. g4 Kf8 37. Kxh4 Rh6+ 38. Kg3 Rd6 39. b4
Rde6 40. Qc5+ Kg7 41. b5 Rh8 42. h4 Rhe8 43. a6 Re5 44. Qd4 f6 45. a7 1-0

[Event "Bad Woerishofen sen"]
[Site "?"]
[Date "2007.03.14"]
[Round "7"]
[White "Weigel, Herbert"]
[Black "Neumann, Erwin"]
[Result "0-1"]
[WhiteElo "2130"]
[BlackElo "1975"]
[PlyCount "104"]
[EventDate "2007.??.??"]

1. e4 e5 2. Nf3 Nf6 3. d4 Nxe4 4. Bd3 d5 5. Nxe5 Bd6 6. O-O O-O 7. c4 c6 8. Nc3
f6 9. Nf3 Nxc3 10. bxc3 Bg4 11. Be2 dxc4 12. Bxc4+ Kh8 13. Be2 Nd7 14. Qc2 Qa5
15. h3 Bf5 16. Qb3 b5 17. Bd2 Qc7 18. c4 bxc4 19. Qxc4 Be4 20. Rfc1 Ba3 21. Re1
Bb2 22. Rad1 Bd5 23. Qc2 Rab8 24. Rb1 Bxf3 25. Bxf3 Bxd4 26. Be4 Ne5 27. Bxh7
Nf3+ 28. Kf1 Nxe1 29. Rxe1 Rb2 30. Qd3 Qb6 31. Bg6 Qb5 32. Be3 Bxe3 33. Rxe3
Rxa2 34. Kg1 Qxd3 35. Rxd3 Ra5 36. Rd4 f5 37. Rh4+ Kg8 38. g4 fxg4 39. Bh7+ Kf7
40. Rxg4 g5 41. Bd3 Rh8 42. Bc4+ Kf6 43. Rg3 Rh4 44. Be2 Rf4 45. Rc3 c5 46. f3
c4 47. Kf2 Rc5 48. Bd1 a5 49. Bc2 Rd4 50. Kg3 Rb5 51. Ra3 Rd2 52. Be4 Rbb2 0-1

[Event "Bad Woerishofen sen"]
[Site "?"]
[Date "2007.03.14"]
[Round "7"]
[White "Schulte-Braeucker, H."]
[Black "Mantzouneas, Nikolaos"]
[Result "0-1"]
[WhiteElo "2080"]
[BlackElo "2020"]
[PlyCount "82"]
[EventDate "2007.??.??"]

1. d4 d5 2. c4 e6 3. Nc3 Nf6 4. Nf3 Nbd7 5. e3 Be7 6. Bd3 O-O 7. O-O c6 8. e4
dxc4 9. Bxc4 b5 10. Bd3 b4 11. Na4 Bb7 12. Qc2 h6 13. Nc5 Nxc5 14. dxc5 Qa5 15.
Be3 Ba6 16. Bxa6 Qxa6 17. e5 Nd5 18. Bd4 Rab8 19. Rfe1 Rfd8 20. g3 Nc7 21. Qe4
Rd5 22. Rec1 Rb5 23. Qe3 Ra5 24. Qb3 Qb5 25. Rc4 Na6 26. Be3 Bxc5 27. Bxh6 gxh6
28. Re1 Qa4 29. Rg4+ Kf8 30. Qc4 Qxa2 31. Qf4 Qxb2 32. Qxh6+ Ke8 33. Qh8+ Kd7
34. Rf1 Ra1 35. Ne1 Rxe1 36. Rf4 Rxf1+ 37. Kxf1 Qxe5 38. Rxf7+ Be7 39. Qh7 Qd6
40. h4 b3 41. Qg7 Rf5 0-1